Statystyki dla Quiz o Ugandzie

Kliknij tutaj aby rozwiązać quiz!

Ogólne statystyki

  • Ten quiz został rozwiązany 34 razy
  • Średni wynik to 9 z 18

Statystyki odpowiedzi

WskazówkaOdpowiedź% Poprawnych
Państwa graniczące z UgandąTanzania
94%
Języki oficjalneAngielski
90%
Państwa graniczące z UgandąKenia
90%
Państwa graniczące z UgandąDemokratyczna
Republika Konga
87%
Państwa graniczące z UgandąRwanda
84%
Państwa graniczące z UgandąSudan Południowy
84%
StolicaKampala
81%
Duża część terytorium Ugandy jest
okupowana przez to wielkie
afrykańskie jezioro
Jezioro Wiktorii
71%
Mediana wieku obywateli Ugandy
do najbliższego roku
16
52%
Waluta (dawna moneta brytyjska)Szyling
48%
w 1976, Komandosi z tego państwa
uratowali pasażerów przed porwanym
samolotem, który wylądował na lotnisku
w Entebbe
Izrael
29%
Niesławny dyktator znany jako
"Rzeźnik z Ugandy”
Idi Amin
26%
Największy eksport (fasola)Kawa
16%
Języki oficjalneSwahili
16%
Najwyższa góra, nazwana na
cześć brytyjskiego odkrywcy
Góra Stanleya
13%
Lider powyższej grupyJoseph Kony
13%
Niesławna grupa terrorystyczna,
która wykorzystuje dzieci-żołnierzy
Armia {Bożego} {Oporu}
10%
Ptak pojawiający się na fladzeSzary {Koronowany} {Żuraw}
10%

Rozkład punktacji

Percentyl według liczby udzielonych odpowiedzi

Procent ludzi z każdym wynikiem

Twoja historia wyników

Nie rozwiązałeś tego quizu